000 00629nam a2200217Ia 4500
005 20250326144141.0
008 250326s9999 xx 000 0 und d
020 _a978-81-8450-043-1
037 _aTextbook
040 _aFMSL
_beng
_cFMSL
041 _aeng
_2eng
084 _aX:89ZB(Y31).44 P8
_qFMSL
100 _aSingh M
_9462826
245 0 _aEconomic transformation of India : journey conclusive
_cSingh M; Kaur H
260 _aNew Delhi
_bNew Delhi, Deep & Deep
_c2008
300 _a355p
365 _b1150
650 _aEconomics
942 _cTB
_hX:89ZB(Y31).44 P8
999 _c1302573
_d1302573